Ứng dụng mạng nơron mờ để điều khiển bộ bù tĩnh (SVC)

Các loại bộ bù tĩnh và ứng dụng trong hệ thống điện; Tập mờ và ứng dụng trong điều khiển; Mạng nơron và ứng dụng trong điều khiển; Ứng dụng mạng nơron mờ để điều khiển SVC.

Bewaard in:
Bibliografische gegevens
Hoofdauteur: Trần Đình Tân.
Andere auteurs: Đoàn Quang Vinh, PGS.TS. (hướng dẫn.)
Formaat: Boek
Taal:Vietnamese
Gepubliceerd in: Đà Nẵng : Đại học Đà Nẵng, 2005.
Onderwerpen:
Tags: Voeg label toe
Geen labels, Wees de eerste die dit record labelt!
Thư viện lưu trữ: Mạng thư viện Đại học Đà Nẵng
LEADER 01662cam a2200409 a 4500
001 000043837
003 1922
005 20060223110526.0
008 010217b2005 vm 000 vie
040 |a LRC  |c LRC  |d LRC 
041 0 |a vie 
082 1 4 |a 006.32  |b TR-T 
100 1 |a Trần Đình Tân. 
245 1 0 |a Ứng dụng mạng nơron mờ để điều khiển bộ bù tĩnh (SVC)  |h [Thesis - Luận văn] /  |c Trần Đình Tân thực hiện; Đoàn Quang Vinh hướng dẫn. 
260 |a Đà Nẵng :  |b Đại học Đà Nẵng,  |c 2005. 
300 |a 05, 82, 21 tr. :  |b mh. ;  |c 29 cm +  |e 01 tóm tắt. 
520 3 |a Các loại bộ bù tĩnh và ứng dụng trong hệ thống điện; Tập mờ và ứng dụng trong điều khiển; Mạng nơron và ứng dụng trong điều khiển; Ứng dụng mạng nơron mờ để điều khiển SVC. 
630 0 4 |a Mạng nơron. 
630 0 4 |a Bộ bù tĩnh. 
630 0 4 |a Tập mờ. 
650 0 4 |a Hệ thống điện. 
650 0 4 |a SVC. 
650 0 4 |a Điều khiển. 
700 1 |a Đoàn Quang Vinh,  |c PGS.TS.,  |e hướng dẫn. 
OWN |a DUT 
AVA |a UDN50  |b DUT  |c Internal Resources  |d 006.32 TR-T  |e available  |t Error 5001 Not defined in file expand_doc_bib_avail.  |f 2  |g 0  |h N  |i 0  |j NS  |k 1 
999 |a From the UDN01 
AVA |a UDN50  |b DUT  |c Internal Resources  |d 006.32 TR-T  |e available  |t Error 5001 Not defined in file expand_doc_bib_avail.  |f 2  |g 0  |h N  |i 0  |j NS  |k 1 
TYP |a Mixed Materials 
TYP |a Monograph 
TYP |a Printed language 
980 |a Mạng thư viện Đại học Đà Nẵng